[Event "ESP-ch"]
[Site "Leon"]
[Date "2006.11.27"]
[Round "6.1"]
[White "Perez Candelario, Manuel"]
[Black "Vallejo, Francisco"]
[Result "0-1"]
[WhiteElo "2496"]
[BlackElo "2674"]
[Annotator "GM Stuart Conquest y GM Javier Campos Moreno"]
[PlyCount "82"]
[EventDate "2006.??.??"]

1. e4 e5 2. Nf3 Nc6 3. Bb5 a6 4. Ba4 Nf6 5. d3 {Una jugada tranquila, evitando
un debate teórico en la variante Abierta (5.0-0 Cxe4).} d6 6. c3 g6 7. O-O Bg7
8. Nbd2 O-O 9. Re1 b5 (9... Nd7 10. Bxc6 $146 (10. Nf1) 10... bxc6 11. d4 c5
12. dxe5 Nxe5 13. Nxe5 Bxe5 14. Nf3 Bg4 15. h3 Bxf3 16. Qxf3 Rb8 {
Perez Candelario-Castro Acosta, 2005 (1-0, 35).}) 10. Bc2 Bb7 11. a4 b4 $146
12. a5 Rb8 13. Bb3 bxc3 14. bxc3 Na7 $5 15. Bb2 {
Apoyando un futuro d3-d4, pero a la vez algo pasivo.} Nh5 $1 {Es instructivo
como Vallejo activa sus piezas. Además, ahora tiene un plan con ...Rh8 y ...f5.
} 16. Qc2 Nf4 17. d4 Nb5 18. Rad1 {La partida está llena de tensión.} Qc8 {
Molesto. La dama mira hacia g4.} 19. h3 {Sin temer "fantasmas" con ...Cxh3+}
exd4 20. cxd4 c5 {Con la pequeña trampa: 21.dxc5 (o 21.d5) Axb2 22.Dxb2 Cd3.}
21. Nc4 {La jugada más crítica, apuntando a la casilla b6. El balance de
tiempo (un elemento siempre importante) iba a favor de Manuel, y aquí Paco
tuvo que calcular las consecuencias del tentador sacrificio 21...Cxh3+.} (21.
Nf1 {era posible, pero cede la iniciativa a las negras:} cxd4 (21... Nxh3+ $2 {
ahora es malo} 22. gxh3 Qxh3 23. Ng3) 22. Nxd4 Qxc2 23. Bxc2 Rfc8 24. Ne3 Nc3
25. Bxc3 Rxc3 $15) 21... cxd4 (21... Nxh3+ $5 22. gxh3 Qxh3 23. Ncd2 (23. Qe2
$6 Rbe8 (23... d5 $5) 24. Ncd2 Qg4+ (24... cxd4 25. Qf1 $1) 25. Kf1 cxd4 {
y con 3 peones y un ataque muy fuerte por la pieza, las negras están muy bien})
(23. Rd3 $6 Qg4+ 24. Kf1 Bxe4) (23. Re3 Bh6 24. Rde1 Bxe3 25. Rxe3 {
es una defensa más dura: pero las negras están materialmente bien}) (23. Qd3 d5
$1 24. exd5 Bxd5 $19) 23... cxd4 24. Qd3 Nc3 25. Rc1 {y la iniciativa negra es
muy prometedora: un plan concreto sería ...Ac6 (o ...Aa8), seguido por ...Tb5
y ...Th5, con ataque decisivo.}) 22. Nxd4 Nxd4 23. Bxd4 Bxd4 24. Rxd4 Qc5 $1 {
Sin esta maniobra (...Dc5-g5) las negras se encontrarían en dificultades.} 25.
Qd1 (25. Rxd6 $6 Qg5 $1) 25... Bc8 $1 {Otra jugada que aumenta las opciones
tácticas. La primera amenaza es 26...Txb3, la segunda es 26...Dg5. Y !hay
tercera! -  26...Axh3! 27.gxh3 Dg5+ 28.Dg4 Cxh3+ etc.} (25... Qg5 $2 26. Qg4 $1
Qxg4 27. hxg4 {favorece a las blancas.}) 26. Rxd6 $6 {
Es probable que Manuel no viera la respuesta negra.} (26. e5 {
cortando el acceso a g5} Nxg2 $1 (26... Rxb3 27. Rxf4 Rb4 {
parece que gana figura, pero hay defensa:} 28. exd6 $1 Rxc4 29. Rxc4 Qxc4 30.
d7 Bxd7 31. Qxd7 Qc3 $15 {es muy difícil ganar con las negras}) (26... Nxh3+
27. gxh3 Rxb3 28. Qxb3 Qxd4 29. Nxd6 $15) 27. Rd5 $1 (27. Kxg2 Rxb3 28. Qxb3
Qxd4 29. Nxd6 Be6 $17) 27... Qb4 (27... Qxd5 28. Qxd5 Nxe1 29. Qd1 $1 $13) 28.
Kxg2 Qxb3 29. Qxb3 Rxb3 30. Nxd6 Bxh3+ 31. Kh2 {
y las blancas tienen posibilidades de sacar medio punto}) (26. Ba2 $1 {
esta sólida jugada entrega el peón h3, pero las blancas esperan recuperar
material (Cxd6), y ninguna pieza blanca está mal.} Qg5 (26... Bxh3 27. g3 {
y las negras no disponen de ninguna continuación clara}) 27. Qf3 (27. g3 $6
Nxh3+) 27... Nxh3+ 28. Kf1 Nf4 29. g3 (29. e5 $5 Ne6 (29... Bb7 $6 30. Qxf4
Qxg2+ 31. Ke2 $13) 30. Rxd6 Bb7 31. Qg3 Qxg3 32. fxg3 {cercano a la igualdad})
29... Ne6 (29... Bh3+ 30. Kg1 {tampoco es peligroso}) 30. Rxd6 {
con una posición confusa.}) 26... Be6 ({Tanto} 26... Qg5 27. g3) ({como} 26...
Bxh3 27. g3 {con resistencia para las blancas.}) 27. Rxe6 $2 (27. e5 $1 {
era la única defensa, aunque las negras tienen dos caminos ventajosos:} Bxc4 (
27... Rxb3 28. Qxb3 Bxc4 $15) 28. Bxc4 Qxc4 29. Rd4 $1 {
un detalle táctico difícil de ver} Nxh3+ 30. gxh3 Qc3 $15) 27... fxe6 {
Apenas hay compensación por la calidad.} 28. Re3 Rb4 29. Nb6 Rd4 30. Qa1 h5 31.
Qa2 Kh7 32. e5 Qc6 33. Rg3 Rd3 34. Bc4 Rd1+ 35. Kh2 Qe4 36. Bb3 Rdd8 ({
Apurado de tiempo, Paco no ve} 36... Rh1+ $1 37. Kxh1 Qe1+ 38. Kh2 Ne2 {
que gana inmediatamente: la única jugada es} 39. Qxe2 {
que es equivalante a rendirse.}) 37. Nc4 Qd4 38. Bc2 Qxf2 39. Qb1 Kh8 40. Nd6
Rb8 41. Qc1 $2 {Un error, pero la posición ya no tiene recursos.} Qxg3+ 0-1

[Event "Campeonato de España Absoluto "]
[Site "Leon"]
[Date "2006.11.27"]
[Round "6.4"]
[White "Llaneza Vega, Marcos"]
[Black "Alsina Leal, Daniel"]
[Result "1-0"]
[WhiteElo "2341"]
[BlackElo "2391"]
[PlyCount "53"]
[EventDate "2006.11.22"]

{La juventud pisa fuerte (educadamente) y por ello considero honesto honrarles
con la partida de la jornada.} 1. e4 g6 2. d4 Bg7 3. Nc3 d6 4. Bg5 a6 5. Nf3 b5
6. Bd3 Nd7 (6... Bb7 7. O-O Nd7 8. a4 b4 9. Ne2 Ngf6 10. Ng3 O-O 11. Re1 (11.
Qd2 a5 12. c3 c5 13. d5 Qc7 14. Bb5 $14 {Yakovich,Y-Gorbatow,A/Pardubice 1994})
11... c5 12. e5 dxe5 13. dxe5 Nd5 14. Be4 N7b6 15. a5 Nc8 16. Qd2 Qd7 17. c4
bxc3 18. bxc3 $16 {Magem Badals,J-Tkachiev,V/Las Vegas 1999}) 7. e5 Bb7 (7...
dxe5 8. Be4 Rb8 9. dxe5 Nxe5 10. Qxd8+ Kxd8 11. O-O-O+ $44) 8. Qe2 $5 $146 {
Novedad muy interesante,que puede que hasta yo hubiera hecho.} (8. exd6 cxd6 9.
O-O Ngf6 10. Re1 O-O $11 {Gromczak,D-Dlugosz,J/Polanica Zdroj 2001}) 8... dxe5
(8... b4 9. Ne4 dxe5 10. dxe5 Nxe5 11. Nxe5 Bxe5 12. O-O-O {
y intuyo que la vida no sera fácil para las negras.}) 9. dxe5 (9. Nxe5 $5 Ngf6
(9... Nxe5 10. dxe5 Qd4 11. f4 h6 12. O-O-O $14) 10. O-O-O O-O 11. f3 $13) 9...
Bxf3 $1 {aceptando el reto.} (9... Nc5 $2 10. Bxb5+ axb5 11. Qxb5+ $18) 10.
gxf3 Bxe5 $1 (10... Nxe5 11. O-O-O $44) 11. O-O-O (11. Be4 $5 c6 12. f4 (12.
O-O-O Qc7 13. Kb1 Ngf6 $17) (12. Bxc6 Bxc3+ 13. bxc3 Rc8 (13... Qc7 14. Bxa8
Qxc3+ 15. Kf1 Qxa1+ 16. Kg2 $44) 14. Qe4 Qc7 15. Bxd7+ Qxd7 16. a4 h6 17. Be3
Nf6 $17) 12... Bxc3+ 13. bxc3 h6 14. Bh4 Qc7 {
La pareja de alfiles podría compensar la horrible estructura blanca.}) (11. h4
c6 12. h5 Qc7 $17) (11. f4 $5 Bxc3+ 12. bxc3 c6 13. f5 {
Es quizás la mejor opción.}) 11... Bd6 $6 (11... Bxc3 $5 12. bxc3 c6 13. Rhe1
h6 14. Bh4 g5 15. Bg3 Qa5 $13) (11... c6 $1 12. Qd2 Nc5 13. Qe3 Bd4 $17) 12.
Ne4 Kf8 (12... f5 13. Nxd6+ cxd6 {Es bastante raro.}) (12... h6 $5 13. Bd2 Ngf6
$13 {podría ser una altenativa viable.}) 13. h4 h6 14. Bd2 (14. Be3 $14) 14...
Ngf6 15. f4 $1 c5 $2 ({Las cosas no estarían tan claras después de:} 15... e6
16. Qf3 Rb8) 16. Nxd6 exd6 17. Qf3 $16 h5 18. f5 Ne5 19. Qg3 Nxd3+ 20. Qxd3 $18
d5 21. fxg6 Ra7 22. g7+ $1 {La puntilla.} Kxg7 23. Rhg1+ Kf8 24. Qg3 Ne8 25.
Rde1 Qf6 26. Rxe8+ Kxe8 27. Qb8+ {El ajedrez es para los jóvenes....como por
ejemplo el jovencísimo Juan Manuel Bellon,líder del abierto.} 1-0

[Event "Campeonato de España Absoluto "]
[Site "Leon"]
[Date "2006.11.28"]
[Round "7.4"]
[White "Fernandez Aguado, Enrique"]
[Black "Fernandez Romero, Ernesto"]
[Result "1-0"]
[WhiteElo "2356"]
[BlackElo "2442"]
[PlyCount "87"]
[EventDate "2006.11.22"]

{El duelo entre los mejores Fernández del abierto se presentaba interesante ya
que uno de los dos dejaría de luchar por los primeros puestos.} 1. e4 e6 2. d4
d5 3. Nc3 Bb4 4. exd5 exd5 5. Bd3 Ne7 6. Qh5 c5 7. dxc5 d4 (7... Nd7 8. Nge2
Nxc5 9. Bb5+ Bd7 10. O-O O-O 11. Be3 $14 {
Pozo Vera,S-Nogueiras,J/Santa Clara 2006}) 8. a3 Qa5 $6 (8... Ba5 9. b4 dxc3
10. bxa5 $14) 9. axb4 $1 (9. Rb1 dxc3 (9... Bxc5 $2 10. b4 Qd8 11. Qxc5 dxc3
12. Qxc3 $18 O-O $2 13. Bb2 f6 14. Rd1 $18) (9... Bxc3+ 10. bxc3 Qxc3+ 11. Kd1)
10. axb4 Qxb4 (10... Qa2 $6 11. Ne2 $1 Qxb1 12. b3 $1 $16) 11. Ne2 $14 {
Rivas Pastor,M-Vargas Garcia,J/Malaga 1991}) 9... Qxa1 10. Nce2 Nbc6 (10... Qa2
11. Nxd4 $16 {Ziatdinov,R-Komarov,D/Biel 1991}) 11. Nf3 (11. c3 $5) 11... Qa2 (
11... Nxb4 $5 12. Bb5+ (12. Bc4 Nxc2+ 13. Kd1 Bf5 14. Qxf7+ Kd8 15. Nexd4 Nxd4
16. Nxd4 Qa4+ 17. b3 {King,D-Goczo,M/Ostend 2005}) 12... Nbc6 13. O-O Qa5 14.
Nexd4 {Glek,I-Schmidt,W/Lippstadt 1992}) (11... Be6 12. O-O O-O-O 13. b5 $16) (
11... g6 $5 12. Qg5 Bf5 $13 {Hossain,E-Shulman,Y/Dhaka 1999}) 12. O-O $1 (12.
Nexd4 $6 Nxb4 13. Bb5+ Nbc6 $13) 12... Nxb4 13. Bb5+ Nbc6 14. Nfxd4 (14. Re1 $5
O-O 15. Bd3 f5 16. b3 $14) 14... O-O (14... Qa5 15. Bxc6+ bxc6 16. Qe5 $16) 15.
Nb3 g6 (15... Qb1 16. Bd3 Bf5 17. Nc3 Bxd3 18. Nxb1 $18 {
Kovchan,A-Drozdovskij,Y/Kiev 1999}) 16. Qf3 Qb1 17. Bxc6 bxc6 (17... Nxc6 18.
Qf6 $18) 18. Nc3 Qxc2 19. Nd4 Bg4 20. Qxg4 $18 {Quizás era mejor:} (20. Qf6 $1
{con conocido mate!!!}) 20... Qd3 21. Bg5 Rfe8 22. h3 (22. Bxe7 Rxe7 23. Nxc6
Ree8 24. Qf4 $18) 22... h5 23. Qe4 Qxe4 24. Nxe4 Nd5 25. Nd6 Reb8 26. Nxc6 Rxb2
27. Rd1 Nc7 28. Rc1 Ra2 29. Bd8 Ne6 30. Ba5 g5 31. Nb7 g4 32. hxg4 hxg4 33. Nb4
Rb2 34. c6 Nd4 35. Rc4 g3 36. fxg3 Re8 37. Rxd4 Ree2 38. Kh2 f5 39. Kh3 Kg7 40.
Nd3 Rb1 41. Kh2 Re6 42. Rd6 Re8 43. Bc3+ Kf7 44. Rd7+ {Considerando a Ernesto
Fernandez un buen especialista en la francesa,me pregunto como ha elegido esta
variante inferior.} 1-0

[Event "ESP-ch"]
[Site "Leon"]
[Date "2006.11.28"]
[Round "7.2"]
[White "Vallejo Pons, Francisco"]
[Black "Perez Candelario, Manuel"]
[Result "1/2-1/2"]
[WhiteElo "2674"]
[BlackElo "2496"]
[Annotator "GM Campos Moreno y GM Stuart Conquest"]
[PlyCount "73"]
[EventDate "2006.??.??"]

1. d4 d5 2. Nf3 Nf6 3. c4 e6 4. Nc3 dxc4 5. e4 Bb4 6. Bg5 b5 7. a4 c6 8. e5 h6
9. exf6 hxg5 10. fxg7 Rg8 11. g3 Bb7 12. Bg2 c5 13. O-O g4 14. Nh4 Bxg2 15.
Nxg2 Rxg7 16. dxc5 $146 {Vallejo conoce profundamente esta posición, el mismo
ha defendido la causa negra,enfrentándose a uno de los jugadores más creativos
de la actualidad: Ivanchuk.} (16. axb5 cxd4 17. Ne4 f5 18. Nf4 Kf7 19. Rc1 fxe4
20. Rxc4 Bc5 21. Rxc5 Nd7 22. Rh5 Nf6 23. Re5 Qd6 24. Rxe6 {
1-0 Ivanchuk,V-Vallejo Pons,F/Morelia/Linares 2006}) 16... Bxc5 17. axb5 $1 (
17. Qxd8+ {Este cambio no elimina totalmente la tensión, el negro tiene
posibilidades en este final.} Kxd8 18. Ne4 (18. Nxb5 Nd7 $15) (18. axb5 Nd7 $15
) 18... Bb6 19. Rfd1+ Ke7 $13) ({Una alternativa digna de consideración es:} 
17. Nxb5 $5 Nc6 18. Qe2 Rc8 (18... Qb6 19. Qxc4 Ne5 20. Qe4 Nf3+ 21. Kh1 Rd8
22. Rad1 $13) 19. Rad1 Qg5 (19... Qf6 $6 20. Nf4 $1 {Con iniciativa.}) 20. Rfe1
{Evitando la peligrosa maniobra...Ce5-f3.} (20. Nd6+ Bxd6 21. Rxd6 Ne5 22. Nf4
Rh7 $13) 20... Kf8 21. Nd6 Bxd6 22. Rxd6 $13) 17... Nd7 18. Re1 (18. Qe2 Qc7
19. Nd5 Qb7 20. Rfd1 Rg5 $13) 18... Qc7 19. Qd5 Nb6 20. Qe5 (20. Qh5 {
Es otra posibilidad pero el negro dispone de suficientes recursos defensivos.}
O-O-O 21. Na4 Nxa4 (21... Bd4 22. Nxb6+ Qxb6 23. Ne3 Kb7 $13) 22. Rxa4 Rd2 $1 (
22... Kb7 23. Ne3 $14) 23. Qh8+ Qd8 24. Qxd8+ (24. Qxg7 $2 Rxf2 $1 $19) 24...
Kxd8 {Con ventaja negra.}) 20... Qxe5 21. Rxe5 Nd7 (21... Bd4 $5 {
Seguramente la última opción de complicar la partida.} 22. Re4 O-O-O 23. Ne3 (
23. Rxa7 $2 f5 24. Rxg7 fxe4 25. Rxg4 Bxc3 $17) 23... Bxe3 24. Rxe3 Kb7 $13)
22. Re4 Rg5 $1 23. Ne3 $1 {El final es levemente favorable para las blancas.} (
23. Rxc4 $2 {Permite la activación del negro.} Ne5 24. Rf4 (24. Rca4 Nf3+ 25.
Kh1 Rh5 26. Nh4 (26. h4 gxh3 27. Ne4 Be7 28. Ne3 Rxb5 $17) 26... Nxh4 27. gxh4
Bxf2 $15) 24... Nf3+ 25. Kh1 Rh5 26. h4 f5 27. Ne3 Rd8 $15) 23... Ne5 (23...
Bxe3 {Este cambio conduce a un final igualado, Candelario prefiere mantener el
alfil para tener alguna posibilidad dinámica.} 24. Rxe3 Re5 (24... Ke7 25. Re4
Nb6) 25. Rxe5 Nxe5 26. b6 a5 27. b7 Rb8 28. Ne4 (28. Rxa5 Nf3+ 29. Kg2 Rxb7 $13
) 28... Ke7 29. Nc5 Nc6 (29... Kd6 30. Rxa5 Nc6 31. Rb5 Nd4 32. Na6 $16) 30.
Rd1 Ne5 31. Ra1 $11) 24. Nxc4 Nxc4 25. Rxc4 Bb6 26. Na4 (26. Ne4 $5 Re5 27.
Nf6+ (27. Nd6+ Ke7 28. Nc8+ Rxc8 29. Rxc8 Re2 30. Rxa7+ (30. Rf1 Rxb2 $11)
30... Bxa7 31. Rc7+ Kf6 32. Rxa7 Rxb2 $11) 27... Ke7 28. Nxg4 Rxb5 29. b4 Rd8
30. Ra2 f5 31. Ne3 Rd3 32. Kg2 $14) 26... Bd8 (26... Rxb5 $2 27. Nxb6 Rxb6 28.
Rxg4 Ke7 $16) (26... Rd8 $5 27. Nxb6 axb6 28. Kg2 (28. Ra7 Rd7 $11) 28... Rf5
29. Ra7 Kf8 30. Rb7 e5 (30... Rd2 31. Rf4 Rxf4 32. gxf4 Rxb2 33. Rxb6 Rb3 $14)
31. Rc2 Rf6 32. Rbc7 Rd5 33. R7c6 Rfd6 34. R2c4 f5 35. h3 gxh3+ 36. Kxh3 $14)
27. Nc3 Bb6 28. Na4 Bd8 29. b4 {
Paco rechaza la repetición aunque las tablas le clasifican.} Ke7 30. Rc5 Rg7
31. Rc6 ({Paco deja pasar una excelente oportunidad de incrementar su pequeña
ventaja. El plan consiste en doblar las torres en la cuarta línea, intentando
provocar f5, debilitando la estructura negra. El blanco no corre ningún riesgo.
} 31. Rd1 Rb8 32. Rd4 Rb7 33. Rcc4 f5 34. Nc5 $16) 31... Rb8 32. Ra6 Rxb5 33.
Rxa7+ Kf6 34. Nc5 Rxb4 35. Rd1 Bb6 36. Nd7+ Kf5 37. Nxb6 1/2-1/2

[Event "Campeonato de España Absoluto "]
[Site "Leon"]
[Date "2006.11.29"]
[Round "8.1"]
[White "Del Rio De Angelis, Salvador G"]
[Black "Vallejo Pons, Francisco"]
[Result "1/2-1/2"]
[WhiteElo "2492"]
[BlackElo "2674"]
[Annotator "GM Conquest y GM Campos Moreno"]
[PlyCount "128"]
[EventDate "2006.11.22"]

1. e4 c5 2. Nf3 d6 3. d4 cxd4 4. Nxd4 Nf6 5. Nc3 a6 6. Bg5 e6 7. f4 Qb6 8. Qd2
Qxb2 9. Rb1 Qa3 10. e5 {Asi jugaron las blancas en los anos 50 (en las
primeras partidas con 7...Db6), pero con el tiempo 10.e5 fue gradualmente
reemplazado por otras jugadas mas "modernas" (10.f5, 10.Ae2). En 2006 10.e5 ha
vuelto con mucha fuerza, sobre todo debido al ejemplo del joven GM Teimour
Radjabov, que ha conseguido dos victorias importantes en esta linea.} h6 $5 {
Pero esta jugada es muy inusual. Sin duda Paco la habia preparado para esta
partida.} (10... dxe5 11. fxe5 Nfd7 12. Ne4 h6 13. Rb3 (13. Bh4 Qxa2 (13... Qa4
14. Be2 Nc6 $4 15. Nxe6 $1 g5 16. Nf6+ {1-0 Radjabov-Anand, Rishon-le-Zion
2006: una derrota espectacular, aunque...!era una partida blitz!}) 14. Rd1 (14.
Rb3 Qa1+ 15. Kf2 Qa4 {Korchnoi-Tolush, USSR-ch 1958}) 14... Qb2 15. Qe3 Bc5 16.
Be2 Nc6 17. c3 Qa3 18. O-O O-O 19. Nf6+ Nxf6 20. Bxf6 Nxd4 21. Rxd4 Bxd4 22.
Qxd4 gxf6 23. exf6 Qa5 24. h4 Kh7 25. Bd3+ {
con ventaja decisiva en la partida Radjabov-Karjakin, Cap d'Agde 2006.}) 13...
Qa4 14. Be3 Nc6 15. Be2 Ncxe5 16. O-O Be7 17. Rc3 Nf6 18. Nxf6+ gxf6 19. Nb3
Qd7 20. Qe1 Rg8 21. Rf4 {Del Rio-Rowson, Calvia Ol. 2004 (1/2-1/2, 33).}) 11.
Bxf6 gxf6 12. exd6 $146 {Solo se conocia 12.Ce4.} Qxd6 13. Ne4 Qd8 {
!Las fuerzas negras estan todas en casa!} 14. Qc3 $1 Be7 15. Be2 (15. Rd1 $6
Nd7 16. Be2 Qb6 $1 {(amenaza 17...Ab4)} 17. O-O e5 {
y las blancas tienen que sacrificar pieza:} 18. fxe5 fxe5 19. Bh5 {
con mucha confusion.}) 15... b5 $5 (15... Nd7 {
es mas natural. Paco esta jugando con fuego.}) 16. Rd1 b4 {Aqui la dama
dispone de tantas casillas que es facil gastar mucho tiempo antes de tomar una
decision.} (16... Nd7) 17. Qc4 (17. Qg3 $5 Qa5 $1 {
controlando la casilla h5, y a la vez introduciendo el elemento de ...b4-b3+} (
17... Qc7 $6 18. Qg7 Rf8 19. Nxf6+ Bxf6 20. Qxf6 Qc3+ (20... Nd7 $4 21. Nxe6 $1
$18 {recuerda a la partida Radjabov-Anand}) 21. Kf2 Nd7 22. Qxh6 $14) (17...
Qb6 $2 18. Qg7 Rf8 19. Nxf6+ Bxf6 20. Qxf6 $16) 18. Qg7 (18. Bf3 Ra7 (18... b3+
$6 19. c3 bxa2 20. O-O $13) 19. Qg7 Rf8 {en todas las variantes las blancas
tienen que elegir entre recuperar el peon sacrificado (Cxf6+), que permite ...
b4-b3+, o bien jugar con el rey en g1 (0-0), que permite ...Cb8-d7. !Una
decision dura!} 20. O-O Nd7 $13) 18... Rf8 19. Nxf6+ (19. Bf3 Ra7 $1 (19... Bb7
$4 {permite lo tipico} 20. Nxe6 $18) 20. Nxf6+ Bxf6 21. Qxf6 Nd7 22. Qxh6 b3+)
(19. O-O Nd7 20. Bf3 Bb7 $5 {una alternativa a 20...Ta7} 21. Nd6+ Bxd6 22. Bxb7
Ra7 {y las negras se defienden}) 19... Bxf6 20. Qxf6 Nd7 21. Qxh6 b3+ $1 22.
Kf2 bxc2 23. Nxc2 Bb7 {con una posicion aun muy compleja.}) 17... Nd7 18. Bh5 (
18. Nxe6 fxe6 19. Bh5+ (19. Qxe6 Kf8 20. Bc4 Qe8 $1 {es otra defensa unica.})
19... Kf8 20. Qxe6 {falla por} Rh7 $1) (18. Nc6 $2 Qc7 $17 {
y el ataque se evapora}) (18. Qc6 $1 Ra7 {en general la torre esta mejor aqui
que en b8, porque aporta mas defensa, sobre todo al caballo d7} (18... Rb8 $2
19. Nd6+ Bxd6 20. Qxd6 $16) 19. Nd6+ Bxd6 20. Qxd6 Qc7 (20... Qb6 $4 21. Nc6
$18) 21. Qxb4 (21. Nc6 Qxd6 22. Rxd6 Rc7 {no es peligroso para las negras})
21... Qxf4 $5 (21... Qc5 {es mas solido}) 22. Rf1 {y, como casi siempre en la
Najdorf con 8...Dxb2, la situacion es tan confusa que no es posible dar una
conclusion definitiva, pero la iniciativa blanca aun no se ha apagado.}) 18...
Nb6 $1 {Con sangre fria Vallejo rechaza el ataque blanco.} 19. Qc6+ (19. Qe2 $5
{mantiene las damas en el tablero, pero las negras no tienen ningun problema
despues de} Qc7 20. f5 exf5) 19... Bd7 20. Nd6+ Bxd6 (20... Kf8 $2 21. Nxf7 $1)
21. Qxd6 Nc4 $1 (21... Qb8 $2 22. Nxe6) 22. Nxe6 (22. Qxb4 Ne3 $1 {
este caballo es muy desagradable para las blancas} (22... Qa5 23. Qxa5 Nxa5 $14
) 23. Rd2 Rb8 {y las negras estan muy bien.}) 22... Nxd6 (22... Qe7 23. Qxe7+
Kxe7 {promete a las negras menos que en la partida}) 23. Nxd8 Ke7 $1 (23...
Kxd8 24. Rxd6 Ke7 25. Rd4 $1 (25. Rb6 $2 Rhb8 {traspone a la partida}) 25... a5
26. Bxf7 $11) 24. Rxd6 $6 (24. Nxf7 $1 Nxf7 25. Bxf7 Bg4 26. Bd5 Bxd1 27. Bxa8
Bxc2 28. Kd2 Bf5 29. Re1+ {y la partida debe terminar en tablas.}) 24... Rhxd8
{Ahora Vallejo tiene ligera ventaja. Los peones a2 y c2 son los puntos debiles
de la posicion blanca.} 25. Rb6 (25. Rd4 a5 26. Bf3 Bf5 $1) 25... Rdb8 26. Rxb8
Rxb8 27. Kd2 Be6 28. Ra1 (28. Be2 $142) 28... Rb5 29. Be2 Ra5 30. Kc1 Ra3 31.
Kb2 a5 32. f5 $5 Bxf5 33. Bc4 Be6 (33... Bxc2 $5) 34. Re1 f5 35. Bb3 a4 36.
Bxe6 fxe6 {Seguramente las negras deben ganar este final.} 37. Re5 Rc3 38. Rb5
Rc4 39. Kc1 Rd4 40. Ra5 a3 41. Ra4 Rg4 (41... e5 {es fuerte, y si} 42. c3 bxc3
43. Rxa3 Rd2 $19) 42. g3 h5 $6 {Era mejor quitar la torre de g4.} 43. c3 $1 Rc4
44. Kd1 Rxc3 45. Rxb4 {
Ahora es mas dificil ganar. Gabriel defiende heroicamente.} e5 46. Rh4 Kf6 47.
Kd2 Rf3 48. Ke2 Rc3 49. Kd2 Rc8 50. Rxh5 Rb8 51. Rh6+ Kg5 52. Re6 e4 53. Ke3
Rb2 54. h4+ Kg4 55. Rg6+ Kh3 56. h5 Rxa2 57. h6 Rh2 58. Kf4 Kg2 59. Ra6 e3 60.
Kxe3 Rh3 61. Kf4 Rxg3 62. h7 Rh3 63. Rxa3 Rh4+ 64. Kxf5 Rxh7 {
Una lucha tremenda. Manana todo queda en juego.} 1/2-1/2